Juan Pablo II, el pescador... XXV años con México /
Recuento audiovisual de las cinco visitas que el Papa Juan Pablo II (1920-2005) realizó a México, nación que formó parte en 1979 de su primera salida al extranjero como pontífice y a la que regresó nuevamente en los años 1990, 1993, 1999 y 2002. La Ciudad de México (1979, 1990, 1999 y 2002); Guadala...
Guardado en:
| 其他作者: | , , , , , , , , , , , , |
|---|---|
| 格式: | |
| 語言: | 西班牙语 |
| 出版: |
México :
Televisa,
2004, c2004
|
| 主題: | |
| 標簽: |
沒有標簽, 成為第一個標記此記錄!
|
MARC
| LEADER | 00000ngm^a2200000^a^4500 | ||
|---|---|---|---|
| 001 | 000184537 | ||
| 005 | 20250521000000.0 | ||
| 009 | 20260310102119.529 | ||
| 037 | |a Acervo ITESO - Biblioteca | ||
| 041 | |a ESP | ||
| 082 | |a 282. |b IGL JUA 1979-2002 | ||
| 240 | 1 | 1 | |a [Visitas papales a México] |
| 240 | 1 | 1 | |a [Juan Pablo II, el pescador... XXV años con México] |
| 245 | 0 | 0 | |a Juan Pablo II, el pescador... XXV años con México / |c Dir. general y prod. ejecutiva de M.A. Herros Avila ; realización de J.A. Cicero Olivares, J.A. Muñoz Fernández. |
| 264 | 4 | |a México : |b Televisa, |c 2004, c2004 | |
| 264 | 2 | |a México : |b Alter Films [distribución], |c 2005, c2005 | |
| 300 | |a 1 DVD regiones 1 y 4 (102 min.) : |b color | ||
| 336 | |a imagen móvil bidimensional |b tdi |2 rdacontenido | ||
| 337 | |a video |b v |2 rdamedio | ||
| 338 | |a videodisco |b vd |2 rdasoporte | ||
| 520 | |a Recuento audiovisual de las cinco visitas que el Papa Juan Pablo II (1920-2005) realizó a México, nación que formó parte en 1979 de su primera salida al extranjero como pontífice y a la que regresó nuevamente en los años 1990, 1993, 1999 y 2002. La Ciudad de México (1979, 1990, 1999 y 2002); Guadalajara, Jalisco (1979 y 1990); Monterrey, Nuevo León (1979 y 1990); la ciudad de Oaxaca y el estado de Puebla (ambos en 1979); San Juan de los Lagos, Jalisco, Villahermosa, Tabasco y Tuxtla Gutiérrez, Chiapas y los estados de Chihuahua, Durango, Aguascalientes y Zacatecas (todos en 1990) y Mérida, Yucatán (1993) fueron algunos de los destinos mexicanos que visitó el Papa de origen polaco a lo largo de los casi 27 años de su pontificado (1978-2005). Este documental de montaje, producido por la empresa televisual mexicana Televisa un año antes de la muerte del jerarca religioso, aúna amplios materiales de archivo con la participación testimonial de conductores y periodistas de la compañía televisiva, entre quienes se cuenta Valentina Alazraki, corresponsal de Televisa en Ciudad del Vaticano. Entre otros sucesos destacados, presenta las ceremonias de canonización de Juan Diego y de beatificación de los mártires indígenas de Cajonos. | ||
| 649 | |a XX | ||
| 650 | |a Papas - |x Biografías | ||
| 650 | |a Ministros Religiosos Polacos - |x Biografías | ||
| 650 | |a Religiosos Polacos - |x Biografías | ||
| 650 | |a Santos Polacos - |x Biografías | ||
| 650 | |a Santos Mexicanos - |x Biografías | ||
| 650 | |a Mártires Mexicanos - |x Biografías | ||
| 650 | |a Zapotecas - |z San Fransicco Cajonos, Oaxaca - |x Historia - |y Siglo XVIII | ||
| 650 | |a Indígenas de México - |z San Fransicco Cajonos, Oaxaca - |x Historia - |y Siglo XVIII | ||
| 650 | |a Iglesia Católica en México - |x Historia - |y 1946-2000 - |x Tema Principal | ||
| 650 | |a Iglesia Católica en México - |x Historia - |y Siglo XX | ||
| 650 | |a Iglesia Católica - |x Historia - |y Papa, 1978-2005 (San Juan Pablo II) - |x Tema Principal | ||
| 650 | |a Iglesia Católica - |x Historia - |y Siglo XX | ||
| 650 | |a Visitas Papales - |z México - |x Historia - |y 1946-2000 - |x Tema Principal | ||
| 650 | |a Visitas Papales - |z México - |x Historia - |y Siglo XX | ||
| 650 | |a Visitas Pastorales - |z México - |x Historia - |y 1946-2000 | ||
| 650 | |a Visitas Pastorales - |z México - |x Historia - |y Siglo XX | ||
| 650 | |a Beatificación | ||
| 650 | |a Canonización | ||
| 650 | |a Ritos Religiosos | ||
| 650 | |a Catolicismo - |z México - |x Historia - |y Siglo XX | ||
| 650 | |a Catolicismo - |x Historia - |y Siglo XX | ||
| 650 | |a Cristianismo - |z México - |x Historia - |y Siglo XX | ||
| 650 | |a Cristianismo - |x Historia - |y Siglo XX | ||
| 650 | |a Religión - |z México - |x Historia - |y Siglo XX | ||
| 650 | |a Religión - |x Historia - |y Siglo XX | ||
| 650 | |a México - |x Historia - |y 1946-2000 | ||
| 650 | |a México - |x Historia - |y Siglo XX | ||
| 650 | |a Juan Pablo II, Santo - |x Tema Principal | ||
| 650 | |a Jacinto de los Angeles, Beato | ||
| 650 | |a Juan Bautista, Beato | ||
| 650 | |a Juan Diego, Santo | ||
| 700 | |a Herros Avila, Miguel Angel |e (dirección general) | ||
| 700 | |a Herros Avila, Miguel Angel |e (producción ejecutiva) | ||
| 700 | |a Cicero Olivares, José Alberto |e (realización) | ||
| 700 | |a Muñoz Fernández, José Alberto |e (realización) | ||
| 700 | |a Alvarez Díaz, Rosa María |e (guión) | ||
| 700 | |a Rivas Correa, Lorena |e (investigación) | ||
| 700 | |a Mejía Rodríguez, María del Carmen |e (investigación) | ||
| 700 | |a Giambattista, Enzo Di |e (fotógrafo) | ||
| 700 | |a Giuseppe, Enrico Di |e (fotógrafo) | ||
| 700 | |a Coronel Cortez, Mauricio |e (montaje) | ||
| 700 | |a Magallanes, Eduardo |e (música) | ||
| 700 | |a Alazraki, Valentina |e (conducción) | ||
| 700 | |a Regil, Marco Antonio |e (conducción) | ||
| 910 | |a Fondo General | ||
| 920 | |a Audiovisuales - DVDs | ||
| 905 | |a 302 | ||
| 901 | |a 0500094097 |b IT2 |c DVS |u 20250521 | ||
| 902 | |a https://opac.biblio.iteso.mx/vufind/Record/000184537 | ||